MDQL
is popping MORE tags! Check the
thread
!
Quizzes
Events
Quiz Creation
Community
Videos
Private Events
Remove Ads
Sign In
Join for FREE
Feedback
Dark Mode
Quiz Categories
Sports
Geography
Music
Movies
Television
Just For Fun
Miscellaneous
History
Literature
Language
Science
Gaming
Entertainment
Religion
Holiday
For Kids
Quiz Lab
Recent
Popular Today
Quiz Kudos Today
Editor Picks
Curator Picks
Quizzes by...
Day
Popularity
Type
Ratings
Length
Year
Community
Subscriptions
Recent Discussions
Orange Saloon
Badges
Playlists
Quests
Create
Leaderboards
Showdown
Live 5
Trivia Bingo
Activity
Puzzle Library
Sporcle Events
Private Events
Virtual Trivia
Globe League
Become a Host
Pub Owners
SporcleCon
Opinionation
Our Games
Videos
Blog
Mobile Apps
Partnerships
Remove Ads and Go Orange
Feedback
History
US Presidents
World Leaders
Politics
Nation
Discovery
War
Decade
Year
Century
Biography
Art
History
US Presidents
World Leaders
Politics
Nation
Discovery
War
Decade
Year
Century
Biography
Art
Random Quiz
Search Sporcle
×
Quiz Lab
Quiz Lab
History
War
Type in answers that appear in a list
Type in answers that appear in a list
Classic
Best Score? Go Orange.
Countries in World War II Stats
Can you name the Countries that participated in the Second World War?
By
meitme
10m
49 Questions
2,699 Plays
2,699 Plays
2,699 Plays
Comments
Comments
Give Quiz Kudos
Give Quiz Kudos
-
- Ratings
hide this ad
Replay
Link that replays current quiz
Next Quiz
Link to next quiz in quiz playlist
You Got
0%
They Got
Avg Score
56%
Avg Friend Score
Upgrade to see
Score Distribution
Jump to the score distribution portion of the page
Score
0/49
Timer
10:00
0
Plays Today
% Correct
United States
98.5%
Germany
95.4%
United Kingdom
94%
Japan
94%
France
93.1%
Italy
91.4%
Soviet Union
90.4%
China
89.6%
Canada
85.8%
Poland
84.6%
Australia
82.4%
Belgium
76.5%
Norway
76.2%
Mexico
74.3%
Finland
74%
Netherlands
72.4%
Denmark
71.6%
Greece
71.6%
Hungary
71.1%
India
70.5%
Brazil
69.2%
New Zealand
64.5%
Romania
62.8%
Bulgaria
57.2%
Yugoslavia
57.2%
% Correct
South Africa
54.8%
Portugal
53.3%
Iran
51.8%
Luxembourg
51.2%
Cuba
44.8%
Philippines
43.3%
Thailand
39.6%
Mongolia
37.4%
Estonia
36%
Colombia
34.6%
Burma
29.3%
Monaco
29.1%
Honduras
28.8%
Costa Rica
27.5%
Belarus
25.2%
Guatemala
25.1%
Nicaragua
25.1%
Bolivia
24.2%
El Salvador
24%
Nepal
23.5%
Croatia
20.1%
Dominican Republic
20%
Oman
17.6%
Bahrain
10.1%
Quiz Playlist
Details
Report
Send in Message
Add To Playlist
Classic:
Type in answers that appear in a list
Quiz Source
Last Updated: Feb 16, 2017
Quiz Scoreboard
CHALLENGE
Sign Up to Join the Scoreboard
Show All
Scores
Hide
Comments
May contain spoilers
Recently Published
Colored Red Africa Blitz
by spor1
Geography
30s
Find the 'City' Movie
by crazypaving
Movies
60s
5x2 Blitz: Bands
by SL_Kpop136
Music
30s
More to Explore
Quiz From the Vault
Featured Blog Post
14 Easter Pick-up Lines to Find Eggs With
hide this ad
You Might Also Like...
Tags
Country Quiz
War Quiz
World Quiz
participant
second
Second World
Today's Top Quizzes in History
Browse History
hide this ad
Today's Top Quizzes in War
Browse War
Top Contributed Quizzes in History
1
I Am Born On March 29th
2
Order Up: 1000 Years of World Events I
3
Popular People in 1951
4
US National Parks Named After People
5
Popular People in 1991
6
Popular People in 1941
7
Popular People in 1981
8
Popular People in 1921
9
Popular People in 1986
10
Popular People in 1976
Explore More
Trending Topics
Crossword
NBA
Marvel
Disney
Kpop
Anime
Harry Potter
Country
The Office
Song
Puzzle
Soccer
Pokémon
NFL
WWE
hide this ad
More By:
meitme
Quiz
Plays
Rating
Category
Featured
Created
Angel Episodes
16,189
4.06
Television
Sep 25, 2009
Characters from Chuck
5,192
4.00
Television
Sep 24, 2009
Countries in World War I
718
2.60
History
Sep 25, 2009
Go to Creator's Profile
Score Distribution
Quiz Creator Spotlight
meitme
Follow
Send a Message
Quizzes Created
-
Created Quiz Play Count
-
More By This Creator
Popular Quizzes Today
1
Colored Red Africa Blitz
2
Find the US States - No Outlines Minefield
3
Find the 'City' Movie
4
5x2 Blitz: Bands
5
The Countries of the World
6
Find the US States
7
Find the Countries of Europe - No Outlines Minefield
8
US States
More History Quizzes
Fair & Square: US Presidents
Published
Trending Quizzes
Colored Red Europe Blitz I
Colored Red Europe Blitz II
Colored Red Africa Blitz II
Colored Red Europe Blitz III
Colored Red Africa Blitz III
Recently Updated
How Do You Spell That?
pecheneg
Godzilla Movies
pecheneg
Grab Bag: 4-10 Letters
pecheneg
2024 March Madness Bracket
pecheneg
Famous TV Couples
Peacemaker
Champions League XIs: Real Madrid
pecheneg
Largest US Cities 1790-2010
pecheneg
Rides in Walt Disney World
pecheneg
Most Oscar Losses (Acting)
pecheneg
Beyoncé Albums
pecheneg
Trending Topics
Marvel
NBA
Anime
Crossword
Harry Potter
Disney
Kpop
Pokémon
Soccer
Puzzle
WWE
NFL
Country
The Office
Song
Your Account Isn't Verified!
In order to create a playlist on Sporcle, you need to verify the email address you used during registration. Go to your
Sporcle Settings
to finish the process.
Report this User
Report this user for behavior that violates our
Community Guidelines
.
Details:
Send Report
Go to the Sporcle.com Mobile Site →
Comments